• 首页
  • 本馆介绍
  • 公告通知
  • 最新文献
  • 馆藏检索
  • 电子资源
  • 读者导购
  • 参考咨询
  • 我的图书馆
  • 登录
  • 详细信息显示
  • 放入我的书架
  • 预约/预借图书
  • 作者相关作品
  • 分类相关作品
  • 丛书相关作品
  • 出版社相关作品

书目信息

  • 表格格式
  • 工作单格式
  • 卡片格式
题名:
高纯木质素提取与热塑改性
    
 
作者: 罗学刚 主编
分册:  
出版信息: 北京   化学工业出版社  2008
页数: 259页
开本: 24cm
丛书名:
单 册:
中图分类: TQ351.3
科图分类:
主题词: 木质素--木材水解 , 木质素--热塑性--改性 , 木质素 , 木材水解 , 热塑性 , 改性
电子资源:
ISBN: 978-7-122-02073-4
000 00976nam0 2200289 45
001 1033007796
005 20100407100528.81
010    @a978-7-122-02073-4@dCNY38.00
100    @a20100331d2008 em y0chiy0110 ea
101 0  @achi
102    @aCN@b110000
105    @aa z 000yy
106    @ar
200 1  @a高纯木质素提取与热塑改性@AGao Chun Mu Zhi Su Ti Qu Yu Re Su Gai Xing@f罗学刚主编@FLuo Xue Gang Zhu Bian
210    @a北京@c化学工业出版社@d2008
215    @a259页@c图@d24cm
330    @a本书介绍高纯木质素提取和应用领域的研究成果,内容涉及高纯木质素的分离、提取、改性、表征以及木质素在热塑性材料、地膜材料、发泡材料、木质素保墒剂、木质素共混材料降解等方面的应用研究。
606 0  @a木质素@x木材水解
606 0  @a木质素@x热塑性@x改性
606 0  @a木质素
606 0  @a木材水解
606 0  @a热塑性
606 0  @a改性
690    @aTQ351.3@v4
701  0 @a罗学刚@ALuo Xue Gang@4主编
801  0 @aCN@bTANGWEI@c20100407
905    @b0587430-34@dTQ351.3@e11@f5
    
    高纯木质素提取与热塑改性/罗学刚主编.-北京:化学工业出版社,2008
    259页:图;24cm
    
    
    ISBN 978-7-122-02073-4:CNY38.00
    本书介绍高纯木质素提取和应用领域的研究成果,内容涉及高纯木质素的分离、提取、改性、表征以及木质素在热塑性材料、地膜材料、发泡材料、木质素保墒剂、木质素共混材料降解等方面的应用研究。
●
相关链接 在E读中查询图书 在五车中查询图书 在当当中查询图书 在豆瓣中查询图书


正题名:高纯木质素提取与热塑改性     索取号:TQ351.3/11         预约/预借

序号 登录号 条形码 馆藏地/架位号 状态 备注
1 0587430   205874302   第二样本阅览室/ [索取号:TQ351.3/11] 在馆    
2 0587431   205874311   第三借阅区/ [索取号:TQ351.3/11] 在馆    
3 0587432   205874320   第三借阅区/ [索取号:TQ351.3/11] 在馆    
4 0587433   205874339   第三借阅区/ [索取号:TQ351.3/11] 在馆    
5 0587434   205874348   第三借阅区/ [索取号:TQ351.3/11] 在馆    
唐山师范学院图书馆 欢迎您!
大连网信软件有限公司© 版权所有